000 00565nam a2200229Ia 4500
003 OSt
005 20221005123856.0
006 a|||||r|||| 00| 0
007 ta
008 221004b |||||||| |||| 00| 0 eng d
024 _a67995
037 _cTextual
040 _aCRL
_cCRL
_beng
041 _2eng
_aeng
082 _aX:75, K7
100 _aPruthi Surinder P.S. Ed.
_9634355
245 0 _aManagement of plans
260 _c1967
650 _aECONOMICS
942 _hX:75, K7
_cTEXL
_2cc
999 _c1048766
_d1048766